000
00225 a2200097 4500
001
55154
100
_a
245
_a
Theory and design of microwave filters
260
_a
London
_b
IIIFEE
_c
2001
090
_c
34177
_d
34177
942
_a
NUST-CAE
_c
MONOGRAPH
_c
26866
999
_c
290227
_d
290227